Statistiken für Bundesliga Jahrestabelle 2021

Klicken Sie hier um das Quiz zu spielen!

Allgemein

  • Dieses Quiz wurde 587 mal gespielt
  • Das Durchschnittsergebnis liegt bei 8 aus 20

Antwortstatistiken

PunkteSpieleVerein% Korrekt
9138FC Bayern München
100%
7638Borussia Dortmund
99%
5938RB Leipzig
67%
7038Eintracht Frankfurt
53%
5738SC Freiburg
45%
517Greuther Fürth
43%
1221FC Schalke 04
40%
5738VfL Wolfsburg
39%
1721Werder Bremen
34%
57381. FSV Mainz 05
30%
5238Bayer Leverkusen
30%
5638TSG Hoffenheim
30%
5638Union Berlin
30%
2017VfL Bochum
28%
4336Hertha BSC
27%
47381. FC Köln
26%
3836FC Augsburg
26%
4438VfB Stuttgart
23%
4138Arminia Bielefeld
21%
5038Borussia Mönchengladbach
21%

Verteilung der Resultate

Perzentil nach korrekt beantworteten Fragen

Anzahl Personen mit jedem Resultat

Ihre Resultats-Entwicklung

Sie haben dieses Quiz noch nicht gespielt